Loading...
| History - World History | 0 | 3 | 0 | 0 | 30 | 35 | 71.67 | 0 | 3 |
| Religion | 0 | 3 | 0 | 0 | 30 | 103 | 109.00 | 1 | 3 |
| History - American History | 0 | 2 | 0 | 1 | 20 | 77 | 100.50 | 1 | 2 |
| Science - Biology | 0 | 2 | 0 | 0 | 20 | 81 | 97.50 | 2 | 2 |
| Geography/Current Events | 0 | 2 | 1 | 1 | 15 | 102 | 112.00 | 1 | 2 |
| History - Other History | 0 | 2 | 1 | 1 | 15 | 53 | 84.00 | 1 | 2 |
| Social Science | 0 | 1 | 0 | 0 | 10 | 86 | 86.00 | 0 | 1 |
| Fine Arts - Other Fine Arts | 0 | 1 | 0 | 0 | 10 | 89 | 89.00 | 1 | 1 |
| History - European History | 0 | 2 | 2 | 1 | 10 | 92 | 111.50 | 0 | 2 |
| Literature - British Literature | 0 | 1 | 0 | 0 | 10 | 24 | 24.00 | 1 | 1 |
| Philosophy | 0 | 1 | 0 | 0 | 10 | 91 | 91.00 | 1 | 1 |
| Fine Arts - Classical Music | 0 | 1 | 1 | 1 | 5 | 135 | 135.00 | 0 | 1 |
| Other Academic | 0 | 0 | 1 | 0 | -5 | 0.00 | 0 | 0 |